| 000 | 00811cam a22002651 4500 | ||
|---|---|---|---|
| 001 | 4677 | ||
| 003 | BD-RjUL | ||
| 005 | 20211208233933.0 | ||
| 008 | 131223t19601944nyu 001 0 eng | ||
| 035 | _a(BD-RjUL)4712 | ||
| 035 | _a(OCoLC)1873895 | ||
| 040 |
_aDLC _cFU-L _dOCoLC _dNNF-L _dDLC _dBD-RjUL _beng |
||
| 041 | _aeng | ||
| 082 |
_a347.9973 _bHAR |
||
| 100 | 1 |
_aHaines, Charles Grove, _d1879-1948. _913827 |
|
| 245 | 1 | 4 | _aThe role of the Supreme Court in American Government and politics, 1789-1835. |
| 260 |
_aNew York : _bRussell & Russell, _cc1944. |
||
| 300 |
_a679 p. ; _c24 cm. |
||
| 504 | _aIncludes index. | ||
| 610 | 1 | 0 |
_aUnited States. _bSupreme Court. _914741 |
| 650 | 0 |
_aConstitutional history _zUnited States. _911591 |
|
| 942 |
_2ddc _cBK |
||
| 999 |
_c4677 _d4677 |
||